People With Names Ending in O - Statistics

General Stats
  • This quiz has been taken 1,425 times
    1,411 since last reset
  • The average score is 14 of 20
Answer Stats
Life Hint Person % Correct
1960– Lead singer of U2 Bono
93%
37–68 Roman emperor during with the Great Fire of Rome Nero
93%
428–348 BCE Student of Socrates and teacher of Aristotle Plato
93%
1901–1989 Emperor of Japan during World War II Hirohito
92%
1881–1973 Cubist who painted "Guernica" Picasso
92%
1564–1642 Astronomer who championed heliocentrism Galileo
90%
1475–1564 His sculpture, "Pietà", can be found in Saint Peter's Basilica Michelangelo
86%
1892–1980 Born as Josip Broz, he led Yugoslavia for 37 years Tito
84%
1976– Brazilian who scored 15 goals at the FIFA World Cup Ronaldo
83%
1963–2022 Rapper who recorded “Gangsta’s Paradise” Coolio
75%
1829–1909 Apache leader who resisted Mexican and U.S. forces Geronimo
74%
630–570 BCE Greek lyric poet from Lesbos Sappho
68%
1921–2008 President of Indonesia from 1967–1998 Suharto
59%
106–43 BCE Roman statesman, orator, and writer Cicero
51%
9th century BC Legendary founder of Carthage Dido
51%
1957–1998 Austrian who sang "Rock Me Amadeus" Falco
49%
1988– Minneapolis-based musical artist whose hit songs include "Truth Hurts" and "Juice" Lizzo
36%
1938–1988 German singer who recorded an album with the Velvet Underground Nico
32%
1969– Dutch DJ called the "Godfather of EDM" Tiësto
28%
334–262 BCE Founder of the Stoic school of philosophy Zeno (of Citium)
22%
No matching quizzes found
Score Distribution
Percent of People with Each Score
Percentile by Number Answered
Your Score History
You have not taken this quiz since the last reset